| 000 | 00874nam a2200253Ia 4500 | ||
|---|---|---|---|
| 003 | OSt | ||
| 005 | 20220923211233.0 | ||
| 006 | a|||||r|||| 00| 0 | ||
| 007 | ta | ||
| 008 | 220922b |||||||| |||| 00| 0 pan d | ||
| 020 |
_a9788171435043 (hbk) _c250 |
||
| 024 | _a245,931 | ||
| 037 |
_b7830/X, 31/01/2011, Arsee Publishers _cTextual |
||
| 040 |
_aARTS _cARTS _bpan |
||
| 041 |
_2pan _apan |
||
| 082 | _aO153:g, Q0 | ||
| 100 | _aਭਾਟੀਆ, ਹਰਿਭਜਨ ਸਿੰਘ | ||
| 245 | 0 |
_aਚਿੰਤਨ _b ਪੁਨਰ ਚਿੰਤਨ |
|
| 260 |
_aਅੰਮ਼੍ਰਿਤਸਰ _b ਰਵੀ ਸਾਹਿਤ _c2010 |
||
| 300 |
_a224ਪੰ _ccm. |
||
| 650 | _aਪੰਜਾਬੀ ਸਾਹਿਤ | ||
| 942 |
_hO153:g, Q0 _cTEXL _2CC |
||
| 999 |
_c297432 _d297432 |
||